000 00558nam a2200193Ia 4500
005 20250326141805.0
008 250326s9999 xx 000 0 und d
020 _a0-04-445120-2
037 _aTextbook
040 _aFMSL
_beng
_cFMSL
041 _aeng
_2eng
084 _aX:95851 M8
_qFMSL
100 _aHart R A
_9745086
245 0 _aEmployment unemployment and labour utilization
_cHart R A
260 _aUnited Kingdom
_bUnited Kingdom, Unwin Hyman
_c1988
300 _a399p
942 _cTB
_hX:95851 M8
999 _c1291986
_d1291986